=LDR 00000nam 2200000 4500 =001 INLIS000000000034956 =005 20130612140840 =008 ***********************************ind** =035 ##$$0010-061300000034956 =041 ##$$a ind =082 ##$$a 372.3 =090 ##$$a 372.3, Gou t =100 ##$$a GOULDING, Sulvia =245 ##$$a Terhindar dari penyakit dan cedera, Sylvia Goulding =260 ##$$a 2008 $b Bandung =300 ##$$a 32 hlm, ilus, 21 cm =650 ##$$a Pendidikan Dasar - Sains =850 ##$$a NBPNMAT